ბათუმის შოთა რუსთაველის სახელმწიფო უნივერსიტეტის ბიბლიოთეკა

Les 500 Exercices de Grammaire : (ბიბ.ჩანაწერი № 50822)

000 -LEADER
fixed length control field 00993nam a2200277Ia 4500
001 - CONTROL NUMBER
control field 17775
003 - CONTROL NUMBER IDENTIFIER
control field GE_BSU
005 - DATE AND TIME OF LATEST TRANSACTION
control field 20200224114738.0
008 - FIXED-LENGTH DATA ELEMENTS--GENERAL INFORMATION
fixed length control field 181216s2007fr xx |||||||||||||| ||fre||
020 ## - INTERNATIONAL STANDARD BOOK NUMBER
International Standard Book Number 978-2011554383
040 ## - CATALOGING SOURCE
Transcribing agency GE_BSU
041 ## - LANGUAGE CODE
Language code of text/sound track or separate title fre
080 ## - UNIVERSAL DECIMAL CLASSIFICATION NUMBER
Universal Decimal Classification number 811.133.1 L-58
245 ## - TITLE STATEMENT
Title Les 500 Exercices de Grammaire :
Remainder of title NIVEAU : B2 : Avec Corriges /
Statement of responsibility, etc. Marie-Pierre Caquineau-Gunduz ; Yvonne Delatour ; Jean-Pierre Girodon ; Dominique Jennepin ; Francoise Lesage-Langot ; Pascal Some .
264 ## - PRODUCTION, PUBLICATION, DISTRIBUTION, MANUFACTURE, AND COPYRIGHT NOTICE
Place of production, publication, distribution, manufacture Paris :
Name of producer, publisher, distributor, manufacturer Hachette,
Date of production, publication, distribution, manufacture, or copyright notice 2007.
300 ## - PHYSICAL DESCRIPTION
Extent 256 p;
Dimensions 24 cm.
653 ## - INDEX TERM--UNCONTROLLED
keyword Les 500 Exercices de Grammaire
653 ## - INDEX TERM--UNCONTROLLED
keyword ფრანგული ენა(გრამატიკა)
700 ## - ADDED ENTRY--PERSONAL NAME
Personal name Caquineau-Gunduz, Marie-Pierre
9 (RLIN) 7370
700 ## - ADDED ENTRY--PERSONAL NAME
Personal name Delatour, Yvonne
9 (RLIN) 7371
700 ## - ADDED ENTRY--PERSONAL NAME
Personal name Girodon, Jean-Pierre
9 (RLIN) 7374
700 ## - ADDED ENTRY--PERSONAL NAME
Personal name Jennepin, Dominique
9 (RLIN) 7375
700 ## - ADDED ENTRY--PERSONAL NAME
Personal name Lesage-Langot, Francoise
9 (RLIN) 7376
700 ## - ADDED ENTRY--PERSONAL NAME
Personal name Some, Pascal
9 (RLIN) 7377
942 ## - ADDED ENTRY ELEMENTS (KOHA)
Koha item type წიგნი
Source of classification or shelving scheme
ეგზემპლარები
Withdrawn status Lost status Source of classification or shelving scheme Damaged status Not for loan Permanent Location Current Location Shelving location Date acquired Full call number Barcode Date last seen Copy number Price effective from Koha item type
          ბათუმის შოთა რუსთაველის სახელმწიფო უნივერსიტეტის მთავარი ბიბლიოთეკა ბათუმის შოთა რუსთაველის სახელმწიფო უნივერსიტეტის მთავარი ბიბლიოთეკა წიგნსაცავი 2018-12-17 811.133.1 L-58 45667 2018-12-17 45667 2018-12-17 წიგნი